000 00562nam a2200181Ia 4500
005 20250508153900.0
008 008 250505s9999 xx 000 0 eng d
037 _aBooks to be hide in OPAC
040 _aFEDL
_beng
_cFEDL
041 _aeng
_2eng
084 _a379.42, ENG/O
_qFEDL
245 0 _aRegulations relating to museums and institutions (From 1st Aug. 1902 to July 1903)
245 0 _cEngland
260 _aLondon, UK
_bHis Majesty's Stationery Office
300 _a293p.
942 _cHB
_h379.42, ENG/O
999 _c1346119
_d1346119